=LDR 00000nam 2200000 4500 =001 INLIS000000000029196 =005 20200429120852 =035 ##$$a 0010-061300000029196 =008 200429################g##########0#ind## =041 ##$$a Ind =082 ##$$a 2x3.54 =090 ##$$a 2x3.54, Wah k =100 ##$$a Wahid, Sa'ad Abdul =245 1#$$a Kiat membebaskan diri dari neraka : $b (Pedoman bagi kaum muslim) /$c Prof. Drs. H. Sa'ad Abdul Wahid =260 ##$$a Yogyakarta :$b Harapan Utama,$c 2004 =300 ##$$a 280 hlm ; $c 20 x 13 cm. =650 #4$$a Neraka islam =850 ##$$a NBPNMAT =084 ##$$a 2x3.54 WAH k =250 ##$$a cet. 1 =990 ##$$a 20800268 =990 ##$$a 20800266 =990 ##$$a 20800264 =990 ##$$a 20800267 =990 ##$$a 20800265